| 000 | 02662cam a22005054i 4500 | ||
|---|---|---|---|
| 003 | PE-LiUPU | ||
| 005 | 20250731184119.0 | ||
| 008 | 150616s1987 cl r 000 0 spa d | ||
| 020 | _a9580602840 | ||
| 035 | _a(Sirsi) i9789580602842 | ||
| 040 |
_aPE-LiUPU _bspa _cPE-LiUPU _erda |
||
| 049 | _aPRUA | ||
| 082 | 0 | 4 |
_a869.082 _bM/ G21 _221 |
| 100 | 1 |
_aGallegos, Rómulo, _eautor. |
|
| 245 | 1 | 0 |
_aDoña Bárbara / _cRómulo Gallegos. |
| 264 | 1 |
_aBogotá, Colombia : _bEditorial La Oveja Negra, _c1987. |
|
| 300 |
_a276 páginas ; _c22 centímetros |
||
| 336 |
_atext _2rdacontent |
||
| 337 |
_aunmediated _2rdamedia |
||
| 338 |
_avolume _2rdacarrier |
||
| 490 | 0 | _aMaestros de la Literatura Universal | |
| 505 | 0 | _aObra "Doña Bárbara" de Rómulo Gallegos dividida en tres Partes. | |
| 526 | _aP145 | ||
| 526 | _aP127 | ||
| 526 | _aP97 | ||
| 526 | _aP14 | ||
| 526 | _aP07 | ||
| 650 | 0 | 4 |
_aLlanuras _xDescripción _zVenezuela _vNovela. |
| 650 | 0 | 4 |
_aMujeres _vNovela. |
| 650 | 0 | 4 | _aNovela venezolana. |
| 910 |
_ajck _bjvq _cjck |
||
| 910 |
_bksl _cksl _d20190514 |
||
| 942 |
_2ddc _cBOOK |
||
| 949 |
_a869.082 M/ G21 _wDEWEY _c1 _i43130 _lCCODEBUL1 _mBUL _r0 _sY _tBOOK _u2015-6-16 _xEDUCACION _PP20 _0COMPRA _o.STAFF. Colección Ciencias Humanas y Educación |
||
| 949 |
_a869.082 M/ G21 _wDEWEY _c2 _i47471 _lCCODEBUL1 _mBUL _r0 _sY _tBOOK _u2015-6-16 _xEDUCACION _PP20 _0COMPRA _o.STAFF. Colección Ciencias Humanas y Educación |
||
| 949 |
_a869.082 M/ G21 _wDEWEY _c3 _i43128 _lCCODEBUL1 _mBUL _r0 _sY _tBOOK _u2015-6-16 _xEDUCACION _PP20 _0COMPRA _o.STAFF. Colección Ciencias Humanas y Educación |
||
| 949 |
_a869.082 M/ G21 _wDEWEY _c4 _i43129 _lCCODEBUL1 _mBUL _r0 _sY _tBOOK _u2015-6-16 _xEDUCACION _PP20 _0COMPRA _o.STAFF. Colección Ciencias Humanas y Educación |
||
| 994 |
_aC0 _bPEPRU |
||
| 596 | _a1 | ||
| 999 |
_a869.082 M/ G21 _wDEWEY _c61086 _i43130 _f2021-11-9 _g7 _lCCODEBUL1 _mBUL _p19.00 _r0 _sY _tBOOK _u2015-6-16 _xEDUCACION _PP20 _0COMPRA _o.STAFF. Colección Ciencias Humanas y Educación _d61086 |
||
| 999 |
_a869.082 M/ G21 _wDEWEY _c2 _i47471 _d2019-4-15 _e2019-4-10 _f2021-11-9 _g6 _lCCODEBUL1 _mBUL _n1 _p19.00 _r0 _sY _tBOOK _u2015-6-16 _xEDUCACION _PP20 _0COMPRA _o.STAFF. Colección Ciencias Humanas y Educación |
||
| 999 |
_a869.082 M/ G21 _wDEWEY _c3 _i43128 _f2021-11-9 _g5 _lCCODEBUL1 _mBUL _p19.00 _r0 _sY _tBOOK _u2015-6-16 _xEDUCACION _PP20 _0COMPRA _o.STAFF. Colección Ciencias Humanas y Educación |
||
| 999 |
_a869.082 M/ G21 _wDEWEY _c4 _i43129 _f2021-11-9 _g6 _lCCODEBUL1 _mBUL _p19.00 _r0 _sY _tBOOK _u2015-6-16 _xEDUCACION _PP20 _0COMPRA _o.STAFF. Colección Ciencias Humanas y Educación |
||
| 980 |
_81 _gALBERTO SANCHEZ Responsable de Automatización |
||